| 000 | 01391nam a2200385Ii 4500 | ||
|---|---|---|---|
| 001 | DIGBN03303 | ||
| 003 | NyNyDIG | ||
| 006 | m o d | ||
| 007 | cr ||||||||||| | ||
| 008 | 100625s1998 sp a o 000 0 spa d | ||
| 020 | _z8470305166 | ||
| 020 | _z9788470305160 | ||
| 035 | _a(OCoLC)888259739 | ||
| 040 |
_aDGITA _beng _epn _cDGITA |
||
| 050 | 1 | 4 | _aNA2500 eBook |
| 100 | 1 |
_aFernández Alba, Antonio, _d1927- |
|
| 245 | 1 | 0 |
_aDomus aurea : _bdiálogos en la casa de Virgilio / _cAntonio Fernández Alba. |
| 246 | 3 | 0 | _aDiálogos en la casa de Virgilio. |
| 264 | 1 |
_aMadrid : _bBiblioteca Nueva, _c1998. |
|
| 300 |
_a1 online resource (73 pages) : _bill. |
||
| 336 |
_atext _btxt _2rdacontent |
||
| 337 |
_acomputer _bc _2rdamedia |
||
| 338 |
_aonline resource _bcr _2rdacarrier |
||
| 490 | 1 |
_aColección Metrópoli : Espacios de la arquitectura ; _v3. |
|
| 520 | _aTheoretical dialogue between the poet, Virgil and the architect, Ictino. | ||
| 650 | 0 |
_aArchitecture _xPhilosophy |
|
| 650 | 0 | _aArchitectural theory. | |
| 655 | 0 | _aElectronic books. | |
| 791 | 2 |
_aDigitalia (Firm), _edistributor. |
|
| 830 | 0 |
_aColección Metrópoli (Biblioteca Nueva (Firm)) ; _v3. |
|
| 793 | 0 |
_gDigitalia eBook Collection: _aBiblioteca Nueva |
|
| 856 | 4 | 0 |
_3Digitalia Hispánica _uhttps://www.digitaliapublishing.com/a/4445/ |
| 910 | _aPremium Collection: 2007-2012 | ||
| 942 | _cRAA | ||
| 999 |
_c230846 _d230846 |
||